[Event "Benasque champions 25 ann"]
[Site "Benasque"]
[Date "2005.07.10"]
[Round "5"]
[White "Ubilava, Elizbar"]
[Black "Komljenovic, Davorin"]
[Result "0-1"]
[WhiteElo "2519"]
[BlackElo "2473"]
[Annotator "Marin,M"]
[PlyCount "124"]
[EventDate "2005.07.06"]
[EventType "tourn"]
[EventRounds "9"]
[EventCountry "ESP"]
[EventCategory "11"]
[SourceTitle "CBM 108"]
[Source "ChessBase"]
[SourceDate "2005.09.26"]
[SourceVersion "1"]
[SourceVersionDate "2005.09.26"]
[SourceQuality "1"]

1. Nf3 d5 2. c4 d4 3. g3 Nc6 4. Bg2 e5 5. O-O Nf6 6. d3 Bg4 $5 {A very rare
but rather interesting move. Black's main problem is that, being a tempo down
compared to the Schmidt Benoni (with reversed colours, of course) he cannot
continue his development in a normal way because of the threat b4.} ({True,
the position after} 6... Be7 7. b4 $1 Bxb4 8. Nxe5 Nxe5 9. Qa4+ Nc6 10. Bxc6+
bxc6 11. Qxb4 Nd7 {might seem far from clear, but White has the strong} 12. c5
$1 {It is esential to cut the connection between the d4-pawn and the rest of
his colleagues.} Ne5 (12... Qf6 13. Nd2 (13. Bb2 $6 Rb8 14. Qxd4 $2 Rxb2 $1 $19
) 13... a5 14. Qa4 O-O (14... Nxc5 15. Qc4 Nd7 16. Ne4 Qe5 17. Ba3 $1 $16) 15.
Ne4 Qe5 16. Bb2 $16 {1/2-1/2 Scheffer,G-Reinke/FRG-ch corr 1981/Corr 2000 (36)}
) 13. Bb2 Bh3 14. Re1 Qd5 15. f3 O-O-O 16. Nd2 Rd7 17. Nb3 Rhd8 18. Nxd4 $16 {
1-0 Podgorodetsky,V-Manzhula,G/UKR corr 1997/Corr 2000 (33)}) ({At the same
time, the solid} 6... Nd7 {looks a bit too passive as it allows} 7. e3 {
Neverov,V (2566)-Najer,E (2615) EU-ch 6th Warsaw 2005 (4) 1/2 . However, in
that case, it is not that easy for White to prove an advantage, see the game
analyzed in this very isue,}) 7. b4 $6 {White fails to feel the difference
induced by the development of the bishop to g4.} ({A better reaction would
have probably been} 7. h3 $5 {reminding Black that his bishop is anything but
stable on g4, while his king side is underdeveloped yet.} Bd7 ({The h5-square
is not too apealing as it definitively cuts the bishop away from the own queen
side. The least White can do after} 7... Bh5 {is} 8. g4 Bg6 9. Nh4 {ensuring
himself a nice control on light squares.}) ({At the same time,} 7... Be6 {
might transpose to the game, but Black would have to permanently count with
the knight jump to g5.}) 8. e3 $1 dxe3 (8... Be7 $5 9. exd4 exd4 10. Na3 O-O
11. Nc2 a5 12. b3 {[%csl Rd4][%cal Yc1b2,Yd1d2,Ya2a3,Yb3b4]}) 9. Bxe3 Bf5 10.
d4 $32 e4 $6 (10... exd4 11. Nxd4 Nxd4 12. Bxd4 c6 13. Re1+ Be7 (13... Be6 14.
Nc3 Be7 15. Nd5 cxd5 16. Bxf6 Bxf6 17. cxd5 $14) 14. Nc3 O-O 15. Qf3 $5 $14 {
/\ Rad1} Qxd4 16. Rxe7 Qb6 17. Qxf5 Qxb2 18. Rb1 Qxc3 19. Rbxb7 Qxc4 20. Rxa7
$16) 11. Ne5 $6 (11. Nh4 Bc8 12. Nc3 Be7 13. d5 Ne5 14. Bd4 Ng6 15. Nxg6 hxg6
16. Nxe4 Nxe4 17. Bxe4 Bxh3 18. Re1 $16) 11... Nxe5 12. dxe5 Nd7 13. Bd4 Qe7
14. Nd2 Nxe5 15. Bxe5 Qxe5 16. Nxe4 Be7 {1/2-1/2 Salo,T-Mollgren,T/Turku 1990/
EXT 2000}) (7. Qa4 $6 Nd7 $1 8. Nbd2 Nc5 9. Qc2 a5 $15 {0-1 Schmidt,J (2210)
-Klings,P/Bergen Enkheim 1997/EXT 2001 (26)}) 7... Bxb4 {The strongest reply.}
({However,} 7... Bxf3 {looks playable as well:} 8. Bxf3 (8. exf3 $5 Bxb4 9. f4
exf4 10. Qa4 $44) 8... Bxb4 9. Qa4 Qd6 (9... Rb8) 10. Na3 O-O (10... Bxa3 11.
Bxa3 Qd7 12. Qb5 $16) 11. Nb5 (11. Rb1 a5 12. Nb5 Qd7 13. Bg5 $44) 11... Qe7
12. Nxc7 $2 Qxc7 13. Bxc6 Bc3 $1 {0-1 Legahn,D-Paust,W/Bargteheide 1988/EXT 97}
) 8. Nxe5 (8. Qb3 $5) 8... Nxe5 9. Qa4+ Nc6 10. Bxc6+ bxc6 11. Qxb4 Nd7 {
If we compare this position with that resulting after 6...Be7 7.b4, we can
easily notice that Black is a clear tempo up (...Bg4). This makes a lot of
difference, as we can see in the next comment.} 12. Re1 (12. c5 {is much less
efficient now because of} Ne5 13. f3 Bh3 14. Rf2 Rb8 15. Qa4 Qd5 $132) 12... c5
{Now, it is Black who is better developed, while his central structure is
quite solid. besides, the absence of the g2-bishop will soon tell.} 13. Qa5 O-O
14. Bf4 Rc8 15. Bc1 Re8 16. f3 Bf5 17. Na3 Re6 18. Nc2 Qe7 19. Qd2 Re8 20. Kf2
Ne5 $17 {Black is attacking with his whole army, while White is confined to
passivity. His only hopes are connected with the solidity of his structure,
but Black can combine threats against the e2-pawn and the king.} 21. Ba3 Qd6
22. Rab1 a6 23. Rb3 h6 24. Qa5 Nxc4 25. Qxc5 Nxa3 26. Qxa3 c5 27. Qb2 h5 28.
Na3 h4 29. Nc4 Qe7 30. Rb7 Qg5 31. Rb8 hxg3+ 32. hxg3 Qh6 33. Rxe8+ Rxe8 34.
Rg1 Be6 35. Qc1 Qh2+ 36. Rg2 Qh5 37. Nd6 Rb8 38. Ne4 Rc8 39. g4 Qh4+ 40. Kg1
Qe7 41. Rh2 c4 42. Kg2 f5 43. Qh1 fxe4 44. Rh8+ Kf7 45. Qh5+ Kf6 46. dxe4 Qc5
47. Qh4+ Kf7 48. Rh5 Qe7 49. g5 c3 50. Rh7 Ke8 51. e5 Rc4 52. Rh8+ Kd7 53. Ra8
Kc6 54. Qe4+ Kb5 55. Rb8+ Ka5 56. Qf4 d3 57. Qe3 Qc5 58. Qxd3 Qxe5 59. Qd8+ Ka4
60. Qb6 Qxe2+ 61. Kg3 Qe5+ 62. Kg2 Qxg5+ 0-1

[Event "EU-chT (Men) 15th"]
[Site "Gothenburg"]
[Date "2005.08.04"]
[Round "6.4"]
[White "Markowski, Tomasz"]
[Black "Lindberg, Bo"]
[Result "1-0"]
[WhiteElo "2564"]
[BlackElo "2359"]
[Annotator "Marin,M"]
[PlyCount "99"]
[EventDate "2005.07.30"]
[EventType "team-swiss"]
[EventRounds "9"]
[EventCountry "SWE"]
[SourceTitle "CBM 109"]
[Source "ChessBase"]
[SourceDate "2005.11.14"]
[SourceVersion "1"]
[SourceVersionDate "2005.11.14"]
[SourceQuality "1"]
[WhiteTeam "Poland"]
[BlackTeam "Sweden II"]
[WhiteTeamCountry "POL"]
[BlackTeamCountry "SWE"]

1. Nf3 d5 2. c4 d4 3. g3 ({The more frequent move orde to reach the game
position is} 3. b4 g6 4. g3 Bg7 5. d3 e5) 3... g6 4. Bg2 Bg7 5. O-O e5 6. d3
Ne7 7. b4 O-O {In order to build up his advantage of space in the centre,
Black has placed his king's knight on a rather unfavourable (yet) square. In
view of White's advantage of space on the queen side, the other knight will
also face problems finding a good square. We can see that, in spite of the
fact that there is no direct contact between the enemy pieces yet, mutual
restrictions of activity make themselves felt.} 8. Nfd2 $5 {A very rare move,
aiming to concentrate the minor pieces on the queen side, where White is
supposed to display activity.} ({In case of the more natural and popular} 8.
Nbd2 {Black reacts with} a5 9. b5 c5 {aiming to close the queen side and if}
10. bxc6 {then} Nexc6 {followed by Na6, when the knights suddenly become very
efficient in defending the queen side, by controlling the c5-square and being
ready to interfere the crucial a3-f8 diagonal.}) ({In order to avoid such a
course of events, I once tried} 8. a4 $5 h6 ({My idea was to meet} 8... a5 9.
b5 c5 {with} 10. Ra2 {followed by e3}) 9. Ba3 c5 10. Nbd2 f5 11. Rb1 {1-0
Marin,M (2527)-Conquest,S (2488)/Bucharest 1999/CBM 070/[Marin,M] (41)}) 8...
Na6 $146 {As mentioned, the development of this knight is one of the key
problems for Black.} (8... Nd7 9. Na3 {Placing a knight on c2 (c7) in the
Benoni type of positions can be a double edged issue. If the pressure against
the d4 (d5) square is not strong enough, the knight might be simply misplaced
at a later moment of the game, even if it actively sustains the advance of the
b-pawn.} (9. a4 $5) 9... g5 {[%cal Ye7g6,Yf7f5] Black takes advagnateg of the
absence of the white knight from f3 and clears the g6-square for his own
knight. He also prepares a slow king side attack.} 10. Nc2 Ng6 11. a4 a5 12. b5
Re8 ({Black has no time to care about the a5-pawn with} 12... Ra7 13. Nb3 b6 {
because of} 14. e3 $1 {when White gets a very nice position:} dxe3 (14... Nc5
15. Nxc5 bxc5 16. Ba3 Qd6 17. Ra2 {[%csl Gc5][%cal Yc2a1,Ya1b3,Ya2e2,Ye3d4,
Ga3f8]}) 15. Nxe3 $14 {and the numerous light squared weaknesses will soon
tell.}) 13. Nb3 f5 (13... Ra7 14. Qd2 {[%csl Ga5,Gg5]}) 14. Bd2 {This move
wins a pawn, but releases the pressure against the d4-pawn, thus allowing
Black start active actions in the centre immediately.} (14. Qd2 $5 g4 15. Bb2 {
[%csl Ya5,Yd4] /\Nxa5, /\e3}) 14... e4 $5 15. Bxa5 (15. Ncxd4 Nc5 $1) (15. dxe4
$142 $5 f4 16. Ncxd4 {would have been safer. It is not entirely clear whether
Black's compensation would have been sufficient.}) 15... Nde5 16. Bb4 exd3 17.
exd3 f4 {Black's centralised position and his pressure against the white king
side has a rather dangerous character.} 18. Nbxd4 Bg4 19. f3 Bd7 20. Qd2 h5 21.
Bc3 Rf8 $44 {1/2-1/2 Bischoff,K (2533)-Najer,E (2600)/Ohrid 2001/CBM 084 (27)})
(8... c6 9. a4 a5 10. bxa5 ({White had a choice whether to preserve his huge
advantage of space on the queen side or to open lines.} 10. b5 c5 11. Nb3 Nd7
12. Ba3 Qc7 13. e3 Ra7 14. Ra2 b6 15. Re2 {Black faces a tough defence. His
knights are far from being optimally placed, while in case of simplifications
an eventual piece sacrifice for two pawns (on c5 or a5) could well decide the
battle to White's favour.}) 10... Qxa5 11. Ba3 Qc7 (11... Qxa4 $2 12. Nb3 $1
$18) 12. Nb3 f5 13. a5 Bf6 14. N1d2 Na6 15. f4 c5 $6 (15... exf4 $1) 16. fxe5
Bxe5 17. Nf3 Bg7 18. Bc1 Nc6 19. Bf4 Qe7 20. Qd2 Nd8 21. Rae1 Ne6 22. e3 $36 {
Taking advantage of Black's inacurracy, White has regrouped in optimal way and
has a dangerous initiative.} Nxf4 (22... g5 $2 23. Nxg5 $1 Nxg5 24. exd4 Ne6
25. d5 $18) 23. gxf4 (23. exf4 $1 $16 {[%cal Ye1e2,Yf1e1,Yf3e5,Yf3g5,Yg2d5]})
23... dxe3 24. Qxe3 Qxe3+ 25. Rxe3 Bf6 26. Ne5 Kg7 27. Rb1 Re8 $13 {1-0
Bischoff,K (2554)-Miladinovic,I (2503)/Fuerth 2002/CBM 091 (57)}) 9. b5 ({
With the pawn on a2 yet, White would get no advantage by means of} 9. Ba3 c6
10. b5 cxb5 11. cxb5 {because of} Nc7 {[%csl Yb5]}) 9... Nc5 10. Nb3 Ne6 11. a4
(11. Ba3 $6 a6 $1) 11... c5 12. bxc6 ({We get used with the alternative
already:} 12. Ba3 $5 Qc7 13. e3 Rb8 14. exd4 exd4 15. a5 b6 16. N1d2 $14) 12...
Nxc6 13. a5 {Although Black's minor pieces occupy relatively stable squares,
it is not easy to see how he can display any form of activity. White's play on
the queen side is rather easy to carry out.} Bd7 14. N1d2 Re8 15. Ba3 Bf8 16.
Qc1 f5 17. Bxf8 Kxf8 18. c5 $14 {[%cal Ya5a6,Yd2c4,Yc4d6,Gg2b7,Ga1b1]} Qe7 19.
a6 Rab8 20. axb7 Rxb7 21. Ra6 Rc7 22. Qa3 Rb8 23. Rc1 Ned8 24. Nc4 Be6 25. Ra4
h5 26. Nbd2 Kg7 27. Nd6 h4 28. gxh4 Kf8 29. Nf3 Bb3 30. Ra6 Nb4 31. Ra5 Bd5 32.
Nb5 Ndc6 33. Nxc7 Qxc7 34. Ra4 Ke7 35. Rb1 a5 36. Qc1 Rh8 37. Qd2 Rh5 38. Rba1
e4 39. dxe4 Bxe4 40. Nxd4 Bxg2 41. Kxg2 Kf7 42. Nf3 Qb7 43. Kg1 Kg8 44. R4a3
Qc7 45. Rd1 f4 46. Qd6 Qf7 47. Rc3 Qf5 48. Rc4 Qg4+ 49. Kh1 Rf5 50. Rg1 1-0

[Event "Gibraltar Masters 15th"]
[Site "Caleta"]
[Date "2017.01.27"]
[Round "4"]
[White "Gledura, Benjamin"]
[Black "Nakamura, Hikaru"]
[Result "0-1"]
[WhiteElo "2589"]
[BlackElo "2785"]
[Annotator "Marin,M"]
[PlyCount "46"]
[EventDate "2017.01.24"]
[EventType "swiss"]
[EventRounds "10"]
[EventCountry "GGB"]
[SourceTitle "CBM 177"]
[Source "ChessBase"]
[SourceDate "2017.03.16"]
[SourceVersion "1"]
[SourceVersionDate "2017.03.16"]
[SourceQuality "1"]

1. Nf3 d5 2. g3 g6 3. c4 dxc4 {Traditionally Black avoided transposing to a
reversed Dragon structure, but lately players have learned how to deal with
this structure in general and the last move has become popular.} 4. Na3 ({
In the Catalan it is always advisable to re-capture on c4 with the knight, if
this is possible, but here the merits of the last move over} 4. Qa4+ {are
debatable. The point is that in the reversed Dragon the knight stands best on
c3, controlling e4 and d5. Besides, the queen's early incursion may generate
interesting complications.} Nc6 5. Bg2 ({This looks like the most challenging
move order. If} 5. Qxc4 {allows Black to develop normally and causes later
time loss with the queen.} Bg7 6. Bg2 e5 7. O-O Nge7 8. d3 O-O 9. Nc3 h6 10.
Qa4 Bd7 11. Qa3 Nf5 12. Bd2 Re8 13. Rac1 b6 14. Rfe1 a5 15. b3 Rc8 16. Qb2 Ncd4
17. Nxd4 exd4 18. Ne4 c5 $15 {Nakamura,H (2793)-Caruana,F (2787) Saint Louis
2015 (½-½, 152)}) 5... Bg7 6. O-O e5 {The most principled move, continuing
the natural development.} (6... Nh6 7. Qxc4 Nf5 {Arsovic,Z (2401)-Nakar,E 
(2473) Albena 2015 (½-½, 52). This move followed by ...e7-e5 supposes
transposing to the main setup in which Black plays ...Ne7-f5 earlier than
usual.}) (6... Bd7 7. Qxc4 e5 {practically loses a tempo, since Black will
play ...Be6 later anyway.}) 7. Nxe5 Bxe5 8. Bxc6+ bxc6 9. Qxc6+ Bd7 10. Qe4 f6
11. f4 Bf5 12. Qc6+ Bd7 13. Qe4 Bf5 14. Qe3 Bh3 (14... Qd4 15. fxe5 Qxe3+ 16.
dxe3 fxe5 17. e4 Bxe4 18. Nc3 Bc6 19. Bg5 Rb8 20. Rad1 h6 21. Bf6 $14 {Kramnik,
V (2812)-So,W (2770) Paris 2016 (1-0, 29)}) 15. Rf3 Ne7 (15... Bg4 $2 16. Rf2
Qd4 17. fxe5 Qxe3 18. dxe3 fxe5 19. Na3 O-O-O 20. Nxc4 $16 {Rapport,R (2654)
-Bacrot,E (2705) Calvi 2013 (1-0, 41)}) (15... Nh6 $5 16. fxe5 Ng4 17. Qc5 Nxe5
18. Re3 $13) 16. fxe5 Nf5 17. Qa3 Qd4+ 18. Rf2 fxe5 19. Qa4+ Ke7 20. Nc3 (20.
d3 $5 cxd3 21. Bg5+ Kf7 22. Qxd4 exd4 23. exd3 h6 24. Bd2 Rhe8 25. Na3 Kg8 $13)
20... Raf8 21. d3 cxd3 22. Bg5+ Ke6 $13 {Zhigalko,A (2591)-Ding,L (2753) Baku
2016 (½-½, 45)}) 4... Bg7 5. Nxc4 Nc6 6. d3 e5 7. Bd2 {It is not entirely
clear what the talented Hungarian had in mind when delaying castling, but the
game will later transpose to normal paths.} ({The only line with independent
value is} 7. Bg2 Nge7 8. O-O O-O 9. Rb1 {since in our main game the rook soon
landed on c1.} Be6 (9... a5 {delays b2-b4 for a long time but slightly weakens
the queenside and offers White the opportunity of completing his development.}
10. b3 f6 11. Bb2 Be6 12. a3 Qd7 13. Qc2 Nf5 14. Rfd1 Ra6 $6 {The rook does
not display any form of activity here and will soon become vulnerable to b4-b5.
} 15. e3 Qf7 16. Bc3 Rb8 17. b4 axb4 18. axb4 {[%csl Ra6,Rc6][%cal Gb4b5,Re6c4]
} b5 19. Ncd2 Bf8 20. Ne4 Ra2 21. Rb2 Rxb2 22. Qxb2 Ra8 23. Nxf6+ Qxf6 24. Nxe5
Ra2 25. Nxc6 Qf7 26. Ne5 $16 {Khairullin,I (2652)-Ragger,M (2698) Berlin 2015 
(1-0, 98). We will use this game as reference for the ulterior course of the
main game.}) 10. b4 (10. Bd2 e4) 10... b5 11. Na3 $6 {This places the knight
on a unfavourable route and if Black had continued energetically White would
not have been able to execute the threat on b5.} (11. Na5 {Loew,G (2287)-Teich,
U (2126) Bad Wiessee 2000 (1-0, 38), looks better.} Bxa2 12. Rb2 Bd5 13. e4 Be6
14. Be3 {with excellent play on the dark squares in exchange for the pawn.})
11... Bxa2 ({Now and later Black refrains in vain from} 11... e4 {clearing the
path for the second bishop and creating a trap for the rook.} 12. Ng5 Bxa2 13.
Rb2 Bxb2 14. Bxb2 exd3 {This may look double-edged but White is not in time to
create dangerous threats along the dark diagonal.} 15. Ne4 Nd5 16. Qxd3 Ncxb4
17. Qd4 f6 {with huge black material advantage and only partial compensation
for White}) 12. Rb2 Be6 (12... e4 $1 13. Rxa2 exf3 14. Bxf3 Nxb4) 13. Nxb5 Rb8
14. Qa4 a6 15. Nc3 $14 {Svidler,P (2745)-Gelfand,B (2743) Moscow 2016 (1-0, 49)
, After Black's hesitations things have calmed down and White has an enjoyable
reversed Dragon.}) 7... Nge7 8. Rc1 Be6 (8... O-O {could transpose to an
earlier game by Nakamura:} 9. Bg2 ({Gledura might have intended either} 9. h4 {
or}) (9. b4) 9... Nd5 10. O-O h6 11. a3 Be6 (11... a5 12. b4 axb4 13. axb4 {
[%csl Ge5]}) 12. b4 a6 13. e4 Nb6 (13... Nde7 14. Bc3 f6 15. Bb2 {[%cal Gd3d4]}
Bg4 16. a4 b5 17. Ne3 $36) 14. Na5 Qxd3 (14... Nxa5 15. bxa5 Nd7 16. Be3 $14 {
[%cal Gd1d2,Gc1b1,Gf1c1]}) 15. Nxb7 $16 {Carlsen,M (2853)-Nakamura,H (2787)
chess.com INT 2016 (1-0, 61)}) (8... a5 {looks more restrictive, with possible
transposition to the game after} 9. Bg2 Be6) 9. Bg2 ({With the rook freer than
in Svidler-Gelfand above there is no obvious reason to refrain from} 9. b4)
9... a5 10. O-O O-O 11. b3 {Preparing the slow queenside expansion, which will
never occur in the game, though.} (11. Bc3 f6 12. b3 Nd5 13. Bb2 Qd7 14. a3 Bh3
$6 15. e4 Bxg2 16. Kxg2 Nde7 17. d4 $14 {Schreiner,P (2463)-Landa,K (2601)
Germany 2016 (½-½, 50)}) 11... f6 {Black usually waits until the e5-pawn is
attacked before playing this consolidating move.} (11... Qd7 12. Bc3 f6 13. Qc2
(13. Re1 Rfd8 14. Qc2 Nd5 15. Bd2 {White's play is quite illogical.} g5 16. Qb1
{Petrosian,T (2651)-Pashikian,A (2617) Yerevan 2014 (1-0, 45)} h5 $5 $36) 13...
b5 $6 14. Ncd2 a4 15. Ne4 $14 {Petrosian,T (2611)-Carlsen,M (2851) chess.com
INT 2016 (½-½, 101)}) (11... h6 {looks like a mere loss of time.} 12. Bc3 f6
13. Qd2 $6 (13. a3 $1 {[%cal Gd1c2]}) 13... a4 14. Bb2 $2 {Carelessly
releasing the control over a5.} (14. e4 $5 axb3 15. axb3 b5 $2 16. Na5 $14) (
14. Rfd1) 14... axb3 15. axb3 b5 $1 16. Ne3 Na5 17. Qb4 Nxb3 18. Ng5 hxg5 19.
Bxa8 c5 20. Rxc5 Qxa8 $17 {Pantsulaia,L (2601)-So,W (2782) Baku 2016 (0-1, 37)}
) 12. Qc2 {Gledura lost the game mainly because he delayed a2-a3 for too long.}
(12. a3 $5 Qd7 (12... Nd5 13. e4 Nde7 14. Be3 {[%cal Gd3d4]} Bg4 $6 15. b4 $14)
13. Bc3 Nd5 14. Bb2 {allows White to play according to the plan from
Khairulin-Ragger above.}) (12. Qe1 $6 {is the start of a contorted and not
really effective regrouping.} b6 13. Rc2 Qd7 14. Qc1 Rac8 15. Re1 {Sagit,R 
(2375)-Tari,A (2556) Stockholm 2016 (1-0, 60)} Rfd8 $5) 12... Qd7 13. Rfd1 Rfd8
14. Bc3 ({Now was the last moment for playing} 14. a3) 14... Nd5 15. Bb2 Bh6 {
Kindly inviting White's next move, which facilitates ...a5-a4 indirectly.} (
15... a4 {does not yield too much yet:} 16. bxa4 Ndb4 (16... Bh6 17. Nfd2) 17.
Qb1 Rxa4 18. a3 Nd5 19. e3 $13) 16. e3 {This is the only way of keeping all
the pieces on optimal squares but it weakens the d3-pawn.} (16. Rb1 $2 Ncb4 $19
{traps the queen.}) (16. Ra1 a4 17. bxa4 Ncb4 {leaves White very passive.}) ({
Or if} 16. Nfd2 $5 {the pin is quite unpleasant.} Nd4 17. Bxd4 exd4 $17) 16...
a4 $1 $17 17. a3 {Gledura plays the delayed pawn move at an unfavourable
moment, possibly based on a miscalculation. But there was no easy way out of
his troubles:} (17. d4 Ncb4 18. Qb1 e4 19. Qxe4 Nxa2 $19) (17. bxa4 Ndb4 18.
Qb1 Rxa4 {[%csl Gd3]} 19. a3 (19. d4 e4 $17 20. Qxe4 Nxa2 {[%csl Gc1,Gc4]}) (
19. Ba3 b5 $17) 19... Nxd3) 17... axb3 18. Qb1 {Equivalent to resignation.} ({
Gledura might have initially planned} 18. Qxb3 {but then noticed one of the
following winning lines:} b5 (18... Nxe3 {is also interesting} 19. fxe3 Bxe3+
20. Kh1 Bxc1 21. Rxc1 Qxd3 22. Qxd3 Rxd3 {with a decisive material advantage.})
19. Qxb5 Rdb8 20. Qc5 Bf8 $19) 18... Bf8 19. d4 exd4 20. Bxd4 (20. Nxd4 Nxd4
21. Rxd4 Qf7 {[%csl Ra3,Gb3][%cal Gc7c6,Gb7b5]}) 20... Qf7 21. Qxb3 $2 {
Losing material in a desperate position.} (21. Bb2 $17) 21... Nb6 $1 22. Nfd2 (
22. Bxb6 Bxc4 {[%csl Ga3,Gd1]}) 22... Nxc4 23. Nxc4 Na5 0-1